|
|
|
|
| LEADER |
00000cam a2200000 a 4500 |
| 001 |
vtls009632638 |
| 003 |
SK-MaSNL |
| 005 |
20260425235500.0 |
| 008 |
240318s1991 gw habof n 001 0 ger |
| 020 |
|
|
|a 3777457302
|q (viazané)
|
| 035 |
|
|
|a (SVKBBclas03)vtls000006534
|
| 040 |
|
|
|a SNK
|b slo
|c SNK
|e AACR2
|
| 041 |
0 |
|
|a ger
|
| 043 |
|
|
|a e-sp---
|
| 044 |
|
|
|a gw
|c DE
|
| 072 |
|
7 |
|a 72/76
|x Výtvarné umenie
|2 konspekt
|
| 080 |
|
|
|a 94"04/14"
|2 2011
|
| 080 |
|
|
|a 72/76(091)
|2 2011
|
| 080 |
|
|
|a 72.033
|2 2011
|
| 080 |
|
|
|a (460)
|2 2011
|
| 080 |
|
|
|a (084.12)
|2 2011
|
| 080 |
|
|
|a (048.8)
|2 2011
|
| 100 |
1 |
|
|a Palol, Pedro de
|4 aut
|9 539092
|
| 245 |
1 |
0 |
|a Spanien
|b Kunst des frühen Mittelalters vom Westgotenreich bis zum Ende der Romanik
|c Pedro de Palol, Max Hirmer; aufnahmen von Max Hirmer, Albert Hirmer, Irmgard Hirmer
|
| 260 |
|
|
|a München
|b Hirmer
|c 1991
|
| 300 |
|
|
|a 192 s., [256] s. fotogr. príl.
|b faks., fotogr., ilustr., mp.
|c 31 cm
|
| 504 |
|
|
|a Bibliogr. odkazy ; reg.
|
| 648 |
|
7 |
|a 500-1230
|2 SNKPH
|9 539093
|
| 648 |
|
7 |
|a 6.-13. stor.
|2 SNKPH
|9 539094
|
| 648 |
|
7 |
|a 6th-13th century
|2 SNKPHeng
|9 539095
|
| 650 |
0 |
7 |
|a stredovek
|2 SNKPH
|9 4259
|
| 650 |
0 |
7 |
|a Middle Ages
|2 SNKPHeng
|9 263011
|
| 650 |
0 |
7 |
|a dejiny výtvarného umenia
|2 SNKPH
|9 79104
|
| 650 |
0 |
7 |
|a Fine art
|x history
|2 SNKPHeng
|9 286862
|
| 650 |
0 |
7 |
|a stredoveká architektúra
|2 SNKPH
|9 2870
|
| 650 |
0 |
7 |
|a Medieval architecture
|2 SNKPHeng
|9 333323
|
| 651 |
|
7 |
|a Španielsko
|2 SNKPH
|9 20008
|
| 651 |
|
7 |
|a Spain
|2 SNKPHeng
|9 317207
|
| 655 |
|
7 |
|a fotografické publikácie
|2 SNKPH
|9 70483
|
| 655 |
|
7 |
|a Photographic publication
|2 SNKPHeng
|9 266858
|
| 655 |
|
7 |
|a štúdie
|2 SNKPH
|9 57033
|
| 655 |
|
7 |
|a Studies
|2 SNKPHeng
|9 265573
|
| 700 |
1 |
|
|a Hirmer, Max,
|d 1893-1981
|4 aut
|9 168125
|
| 700 |
1 |
|
|a Hirmer, Albert
|4 pht
|9 539096
|
| 700 |
1 |
|
|a Hirmer Irmgard
|4 pht
|9 539097
|
| 752 |
|
|
|a Nemecko
|d Mníchov
|
| 919 |
|
|
|a 3-7774-5730-2
|
| 958 |
|
|
|a TL
|
| 958 |
|
|
|a NB
|
| 958 |
|
|
|a ES
|
| 999 |
|
|
|c 830804
|d 832734
|
| 952 |
|
|
|t snkSPA 7(091)
|a SNKUST
|b SNKUST
|y PREZ
|7 0
|p 17A0075040
|o snkIB 73187
|i snk2016/27402
|8 5
|0 0
|1 0
|4 0
|d 1997-07-03
|l 0
|r 2025-03-19 00:00:00
|w 2026-02-24
|